LEADER 01064nam--2200325---450- 001 990006049160203316 005 20150612164635.0 035 $a000604916 035 $aUSA01000604916 035 $a(ALEPH)000604916USA01 035 $a000604916 100 $a20150612d1898----km-y0itay50------ba 101 $aita 102 $aIT 105 $a||||||||001yy 200 1 $a<> Codice vallicelliano C III$econtributo allo studio delle dottrine religiose di Claudio, vescovo di Torino$fNota del Dott. Giuseppe Boffito, barnabita 210 $aTorino$cC. Clausen$d1898 215 $a38 p.$d25 cm 300 $aGià pubblicato in: Atti della R. Accademia delle Scienze di Torino, 33 (1898) 606 0 $aCodice vallicelliano C III$2BNCF 676 $a091 700 1$aBOFFITO,$bGiuseppe$054567 801 0$aIT$bsalbc$gISBD 912 $a990006049160203316 951 $aFC.OE. 461$b545 FCil$cFC.OE.$d377095 959 $aBK 969 $aFCIL 979 $aGENEROSO$b90$c20150612$lUSA01$h1646 996 $aCodice vallicelliano C III$91076701 997 $aUNISA LEADER 01493nam 2200385Ia 450 001 9910702237303321 005 20121115092301.0 035 $a(CKB)5470000002425777 035 $a(OCoLC)818184883 035 $a(EXLCZ)995470000002425777 100 $a20121115d2012 ua 0 101 0 $aeng 135 $aurcn||||||||| 181 $ctxt$2rdacontent 182 $cc$2rdamedia 183 $acr$2rdacarrier 200 10$aDatabase of the United States coal pellet collection of the U.S. Geological Survey Organic Petrology Laboratory$b[electronic resource] /$fby Nikolaus J. Deems and Paul C. Hackley 210 1$aReston, Va :$cU.S. Dept. of the Interior, U.S. Geological Survey,$d2012. 215 $a1 online resource (iii, 18 pages) $ccolor illustrations, color map 225 1 $aOpen-file report ;$v2012-1151 300 $aTitle from title screen (viewed on Nov. 15, 2012). 320 $aIncludes bibliographical references (pages 14-17). 606 $aCoal$xSampling$zUnited States$vDatabases 606 $aCoal$xResearch$zUnited States$vDatabases 615 0$aCoal$xSampling 615 0$aCoal$xResearch 700 $aDeems$b Nikolaus J$01404947 701 $aHackley$b Paul C$01388682 712 02$aGeological Survey (U.S.) 801 0$bGPO 801 1$bGPO 906 $aBOOK 912 $a9910702237303321 996 $aDatabase of the United States coal pellet collection of the U.S. Geological Survey Organic Petrology Laboratory$93480553 997 $aUNINA